Mobile communication satellites : Theory and Applications (Record no. 64510)

000 -LEADER
fixed length control field 00490nam a22001817a 4500
003 - CONTROL NUMBER IDENTIFIER
control field NUST - PNEC
005 - DATE AND TIME OF LATEST TRANSACTION
control field 20170116180847.0
008 - FIXED-LENGTH DATA ELEMENTS--GENERAL INFORMATION
fixed length control field 150824b xxu||||| |||| 00| 0 eng d
020 ## - INTERNATIONAL STANDARD BOOK NUMBER
International Standard Book Number 0070384762
020 ## - INTERNATIONAL STANDARD BOOK NUMBER
International Standard Book Number 0071138110
040 ## - CATALOGING SOURCE
Transcribing agency LIBRARY
082 ## - DEWEY DECIMAL CLASSIFICATION NUMBER
Classification number 384.53 LOG
100 ## - MAIN ENTRY--PERSONAL NAME
9 (RLIN) 5540
Personal name Logsdon, Tom
245 ## - TITLE STATEMENT
Title Mobile communication satellites : Theory and Applications
Statement of responsibility, etc. Tom Logsdon
260 ## - PUBLICATION, DISTRIBUTION, ETC.
Date of publication, distribution, etc. c.1995
650 ## - SUBJECT ADDED ENTRY--TOPICAL TERM
9 (RLIN) 5543
Topical term or geographic name entry element Mobile communication systems
General subdivision MIS
942 ## - ADDED ENTRY ELEMENTS (KOHA)
Source of classification or shelving scheme
Koha item type Book
Holdings
Withdrawn status Lost status Source of classification or shelving scheme Damaged status Not for loan Permanent Location Current Location Shelving location Date acquired Total Checkouts Full call number Barcode Date last seen Price effective from Koha item type
          Pakistan Navy Engineering College (PNEC) Pakistan Navy Engineering College (PNEC)       384.53 LOG PNECLIB-019876 08/24/2015   Book
          Pakistan Navy Engineering College (PNEC) Pakistan Navy Engineering College (PNEC)       384.53 LOG PNECLIB-018182 09/22/2015   Book
© 2023 Central Library, National University of Sciences and Technology. All Rights Reserved.